|
|
|
|
| LEADER |
00000nam a22000005a 4500 |
| 001 |
3620 |
| 003 |
CL-ChBUA |
| 005 |
20120815102831.0 |
| 008 |
070301s1979 mx 000 0dspa |
| 020 |
|
|
|a 9682407834
|
| 040 |
|
|
|a CL-ChBUA
|c CL-ChBUA
|
| 082 |
0 |
0 |
|a 370.155
|
| 090 |
|
|
|c 3620
|d 3620
|
| 100 |
1 |
|
|a Zapata, Oscar.
|
| 245 |
1 |
0 |
|a Psicopedagogía de la educación motriz en la etapa del aprendizaje escolar
|
| 260 |
|
|
|b Trillas.
|c 1979.
|
| 300 |
|
|
|a 467 p.
|c 24 cm.
|
| 504 |
|
|
|a Bibl., índice.
|
| 650 |
|
4 |
|a PSICOFISIOLOGIA.
|
| 650 |
|
4 |
|a PSICOLOGIA PEDAGOGICA.
|
| 650 |
|
4 |
|a EDUCACION FISICA.
|
| 942 |
|
|
|c LIB
|
| 952 |
|
|
|0 0
|1 0
|4 0
|7 0
|9 5365
|a UNACH
|b UNACH
|c 300
|d 2007-03-05
|i 20.436.
|l 2
|m 2
|o 370.155 / Z 35.
|p 6364
|r 2025-07-31 16:21:29
|s 2025-07-03
|u 5365
|w 2012-08-08
|y LIB
|k 370.155 / Z 35.
|
| 999 |
|
|
|c 3620
|d 3620
|